000 00264nam a2200109Ia 4500
008 200302s9999 xx 000 0 und d
100 _aMartin M. Pegler
245 _aStreet Scapes
260 _bRetail Reporting Corporation Inc.
260 _c1998
300 _a176 P.,
999 _c1924
_d1924